书目信息 |
| 题名: |
米芾集
|
|
| 作者: | 米芾, 撰 ;辜艳红 点校 | |
| 分册: | ||
| 出版信息: | 杭州 浙江人民美術出版社 2019.12 |
|
| 页数: | 17, 319页 | |
| 开本: | 21cm | |
| 丛书名: | 藝術文獻集成 | |
| 单 册: | ||
| 中图分类: | I222.744.1 , I264.41 | |
| 科图分类: | ||
| 主题词: | 古典诗歌--gu dian shi ge--诗集--中国--北宋 , 古典散文--gu dian san wen--散文集--中国--北宋 | |
| 电子资源: | ||
| ISBN: | 978-7-5340-7508-7 | |
| 000 | 01178nam 2200313 450 | |
| 001 | CAL 0120192923156 | |
| 005 | 20230217093111.0 | |
| 010 | @a978-7-5340-7508-7@dCNY59.80 | |
| 100 | @a20191224d2019 em y0chiy0120 ea | |
| 101 | 0 | @achi |
| 102 | @aCN@b330000 | |
| 105 | @ay z 000zy | |
| 106 | @ar | |
| 200 | 1 | @a米芾集@Ami fu ji@f(宋) 米芾 |
| 210 | @a杭州@c浙江人民美術出版社@d2019.12 | |
| 215 | @a17, 319页@d21cm | |
| 225 | 2 | @a藝術文獻集成@Ayi shu wen xian ji cheng |
| 314 | @a版权页题: 辜艷紅點校 | |
| 330 | @a本书即是其中的一种。全书主要收录了米芾的诗文集。米芾, 北宋书法家、画家、书画理论家, 与蔡襄、苏轼、黄庭坚合称“宋四家”。“米芾集 艺术文献集成”搜集中国古代艺术方面的经典原著, [宋] 米芾撰, 以可靠的版本为底本, 并予以重新校点整理, 辜艳红点校。 | |
| 410 | 0 | @12001 @a藝術文獻集成 |
| 606 | 0 | @a古典诗歌@Agu dian shi ge@x诗集@y中国@z北宋 |
| 606 | 0 | @a古典散文@Agu dian san wen@x散文集@y中国@z北宋 |
| 690 | @aI222.744.1@v5 | |
| 690 | @aI264.41@v5 | |
| 701 | 0 | @a米芾,@Ami fei@f1051-1107@4撰 |
| 702 | 0 | @a辜艳红@Agu yan hong@4点校 |
| 730 | 1 | @a辜艷紅@Agu yan hong@4點校 |
| 801 | 0 | @aCN@bBJXHZP@c20230228 |
| 905 | @b1398165-8@dI222.744.1@e854@f4 | |
| 米芾集/(宋) 米芾.-杭州:浙江人民美術出版社,2019.12 |
| 17, 319页;21cm.-(藝術文獻集成) |
| ISBN 978-7-5340-7508-7:CNY59.80 |
| 本书即是其中的一种。全书主要收录了米芾的诗文集。米芾, 北宋书法家、画家、书画理论家, 与蔡襄、苏轼、黄庭坚合称“宋四家”。“米芾集 艺术文献集成”搜集中国古代艺术方面的经典原著, [宋] 米芾撰, 以可靠的版本为底本, 并予以重新校点整理, 辜艳红点校。 |
| ● |
| 相关链接 |
|
|
|
|
正题名:米芾集
索取号:I222.744.1/854
 
预约/预借
| 序号 | 登录号 | 条形码 | 馆藏地/架位号 | 状态 | 备注 |
| 1 | 1398165 | 213981654 | 第一样本阅览室/ [索取号:I222.744.1/854] | 在馆 | |
| 2 | 1398166 | 213981663 | 第二借阅区/ [索取号:I222.744.1/854] | 在馆 | |
| 3 | 1398167 | 213981672 | 第二借阅区/ [索取号:I222.744.1/854] | 在馆 | |
| 4 | 1398168 | 213981681 | 第二借阅区/ [索取号:I222.744.1/854] | 在馆 |